LEADER 01069nam a2200265 u 4500 001 000000032584 003 CaOOAMICUS 005 20070226112252.0 008 971021s1983 it u000 u ita u 035 $a10773587 040 $aPUL(R)$bita 100 1 $aCorsani, Bruno.$0(OLS)http://pul/name/12374 245 12$aI miracoli di Gesł nel quarto vangelo :$bl'ipotesi della fonte dei segni /$cBruno Corsani. 260 $aBrescia :$bPaideia,$cc1983. 300 $a99 p. ;$c21 cm 490 1 $aStudi biblici ;$v65 500 $a"Indice degli autori": p. 99-[100]. 504 $a"Nota bibliografica": p. 11. 830 0$aStudi biblici (Paideia) ;$v65.$0(OLS)http://pul/title/88 850 $aPUL 852 $aPUL$W1$xSL Religione 1$y3$m10 M 65$j44886$nBK-PRI$b $qStampati$B44886$CPULBib$Z2$F44886 $H $81 941 1 $a8 961 $aINV: 52063. 996 $6245$aI miracoli di Gesł nel quarto vangelo :$bl'ipotesi della fonte dei segni$9(OLS)http://pul/title/44925 996 $6260$aBrescia :$bPaideia$9(OLS)http://pul/publisher/47884 LEADER 01419nam a2200313 u 4500 001 000000115318 003 CaOOAMICUS 005 20090415175055.0 008 090415s2008 it u000 u ita r 020 $z978-88-902044-8-7* 040 $aPUL$bita$dLDB 245 03$aLe ali dell'umana libertą :$bla fede e la ragione /$c[D. Bellantoni ... et al. ; intervento di Benedetto XVI nell'anniversario della Fides et Ratio]. 260 $aNapoli :$bEcclesiae domus,$cc2008. 300 $a130 p. ;$c21 cm 504 $aBibliografia in nota. 650 4$aFede e ragione.$0(OLS)http://pul/subject/3185 700 1 $aBellantoni, Domenico.$0(OLS)http://pul/name/71391 700 0 $aBenedictus PP.$bXVI,$d1927-2022.$0(OLS)http://pul/name/14991 850 $aPUL 852 $aPUL$W1$xSL Religione 3$y85$m230 BELDO 1$j132065$qDDC 21$B131045$CPULBib$Z2$F131045 $H109500 $82 900 $aRatzinger, Joseph,$ccard.,$d1927-2022$914991 900 $aBenedetto XVI,$cpapa,$d1927-$914991 910 $aPapi (2005-2013 : Benedictus PP. XVI)$914991 910 $aPapi (2005-2013 : Benedictus PP. XVI)$914991 941 1 $a9 960 $aRagione e fede$93185 996 $6020$z978-88-902044-8-7*$9(OLS)http://pul/number/140370 996 $6245$aLe ali dell'umana libertą :$bla fede e la ragione$9(OLS)http://pul/title/144930 996 $6260$aNapoli :$bEcclesiae domus$9(OLS)http://pul/publisher/79481 LEADER 00922nam a2200253 a 4500 001 000000144828 003 CaOOAMICUS 005 20150713104851.0 008 150713s1976 it u000 u ita r 040 $aPUL$bita 100 1 $aSpadafora, Francesco.$0(OLS)http://pul/name/12098 245 10$aFatima e la peste del socialismo /$cFrancesco Spadafora. 250 $a2. ed. 260 $aRoma :$bG. Volpe,$c©1976. 300 $a98 p. ;$c19 cm 490 1 $aI brulotti ;$v10 651 4$aFatima.$0(OLS)http://pul/subject/29261 830 0$aBrulotti ;$v10.$0(OLS)http://pul/title/183189 850 $aPUL 852 $aPUL$W1$xDP1 Religione 1$y20$m641 B 72$j167213$qStampati$B167797$CPULBib$Z2$F167797 $H48235 $82 941 1 $a8 996 $6245$aFatima e la peste del socialismo$9(OLS)http://pul/title/183188 996 $6260$aRoma :$bG. Volpe$9(OLS)http://pul/publisher/61340